| 000 | 00652nam a22001577a 4500 | ||
|---|---|---|---|
| 020 | _a978-81-7993-135-6 | ||
| 082 |
_a001 _bBEN/E |
||
| 100 | _aSEN, BENITA | ||
| 245 | _aENERGY FROM THE GUST OF WIND | ||
| 250 | _aFIRST EDITION | ||
| 260 |
_aDELHI _bTERI PRESS _c2009 |
||
| 300 | _a30 | ||
| 520 | _aIT TOUSLES YOUR HAIR, BLOWS YOUR BALLOON AWAY, AND SCUTTIES CLOUDS ALONG THE SKY. MILLERS HAVE GROUND CORN IN WINDMILLS WITH HELP FROM WIND. AND IT STILL HAS A LOT OF ENERGY TO SPARE, BLOWING ROOFTOPS OFF AND FLATTENING TREES DURING A STORM. CAN WE MAKE THE WIND WORK MORE FOR US? FIND OUT HOW! | ||
| 650 |
_aWIND POWER GREEN POWER _zINDIA |
||
| 942 | _cBK | ||
| 999 |
_c1917 _d1917 |
||